000 00651nam a22001817a 4500
999 _c178043
_d178043
005 20210312162446.0
010 _aENG-129301
020 _a9789390429288
_c300.00
035 _aEN-112833
037 _bDBAD/PUB
082 _aN
100 _aSantosh Gangadharan
245 _aDrifting Over a Memory Chest/
_cSantosh Gangadharan
260 _aThrissur, Kerala
_bGmotivation
_c2020
270 _bThrissur, Kerala
_e680003
_aan imprint of green books pvt. ltd. gb building, civil lane road, ayyanthole,
_minfo@greenbooksindia.com
_k487-2381066, 2381039
300 _a184p.
_c21cm(bbk)
_bincluding biblographical refferences
942 _2ddc
_cEN
_hN
_mSAN